Sports Quiz

Random Sports or State Quiz

Golden State Warriors 2014-2015 Roster Quiz Stats

Quiz not verified by Sporcle

Challenge
Share
Tweet
Embed
Score 0/16 Timer 05:00
0 Plays Today
Number Player % Correct
30Stephen Curry
100%
11Klay Thompson
93.5%
12Andrew Bogut
88.7%
23Draymond Green
85.5%
40Harrison Barnes
85.5%
CoachSteve Kerr
82.3%
10David Lee
74.2%
31Festus Ezeli
72.6%
Number Player % Correct
34Shawn Livingston
72.6%
19Leandro Barbosa
64.5%
5Marreese Speights
62.9%
9Andre Igoudala
53.2%
7Justin Holiday
46.8%
20James Michael McAdoo
38.7%
4Brandon Rush
37.1%
1Ognjen Kuzmic
30.6%

You're not logged in!

Compare scores with friends on all Sporcle quizzes.
Join for Free
OR
Log In

You Might Also Like...

Show Comments

Extras

Top Quizzes Today


Score Distribution

Your Account Isn't Verified!

In order to create a playlist on Sporcle, you need to verify the email address you used during registration. Go to your Sporcle Settings to finish the process.

Report this User

Report this user for behavior that violates our Community Guidelines.

Details: